| 000 | 00914nam a22002417a 4500 | ||
|---|---|---|---|
| 005 | 20100730144312.0 | ||
| 010 | _aENG-97322 | ||
| 020 |
_a8172112661 _c300.00 |
||
| 020 |
_a9788172112660 _c300.00 |
||
| 035 | _aEN-80855 | ||
| 037 | _bDBAD/PUB | ||
| 082 | _a921 | ||
| 100 |
_aBhave, Y.G. _92759 |
||
| 245 |
_aVinayak Damodar Savarkar : _bthe much-maligned and misunderstood revolutionary and freedom fighter / _cby Y.G. Bhave |
||
| 260 |
_aNew Delhi _bNorthern Book Centre _c2009 |
||
| 270 |
_a4221/1, Ansari Road, Daryaganj _bNew Delhi _e110002 |
||
| 300 |
_axviii, 106p. _c22cm, (Hb) |
||
| 500 | _aincludes bibliography and index | ||
| 650 |
_aIndia - Nationalists Revolutionaries _92760 |
||
| 650 |
_aSavarkar, Vinayak Damodar _y(1883-1966) _92761 |
||
| 942 |
_2ddc _cEN _h921 _mBHA |
||
| 999 |
_c38271 _d38271 |
||